| 000 | 00733nam a22002297a 4500 | ||
|---|---|---|---|
| 005 | 20170124110236.0 | ||
| 010 | _aB-079285 | ||
| 020 |
_c200.00 _a9788187649342 |
||
| 035 | _aB-079285 | ||
| 037 | _bCen Lib/Ret | ||
| 040 |
_aDPL _bEN |
||
| 082 |
_a821.092 _bLIN |
||
| 245 |
_aLinks the chain : _ctranslated by Neera Kuckreja Sohoni _bMahadevi Varma / |
||
| 260 |
_aNew Delhi _bKatha _c2003 |
||
| 270 |
_bNew Delhi _aA3 Sarvodya enclave, Sri aurobindo marg _e110017 |
||
| 300 |
_axvi,141p. _c20cm(pbk) |
||
| 500 | _aIncludes bibliographical references | ||
| 650 |
_aHindi litarature _942022 |
||
| 650 |
_aBiography _x _942023 |
||
| 700 |
_aSohoni, Neera Kuckreja _98954 |
||
| 942 |
_2ddc _cEN _h821.092 _mLIN |
||
| 999 |
_c134868 _d134868 |
||